000 00412nam a2200181Ia 4500
003 0STCL
008 150530s9999 xx 000 0 und d
040 _aSTCL
_cSTCL
100 _aRajasekharan, P.K.
245 _aEkantha Nagarangal
250 _a2
260 _bD.C. book; Kottayam
_c2007
_aKottayam
300 _a0
546 _aMalayalam
942 _2ddc
_cBK
999 _c79717
_d79717
005 20220125171726.0